000 00441nam a22001577a 4500
005 20231208055123.0
008 231208b |||||||| |||| 00| 0 eng d
020 _a8185107289
082 _222
_a305.4.
_bGai,
100 _aOmvedt, gali.
245 _aViolence against women,
_bNew movements and New theories in india.,
_cKali for women.
260 _aNew delhi.
_bKali for women.,
_c1990.
300 _a42, p.
650 _awomen .
942 _cL
999 _c168
_d168